Colección de Cánones de la Iglesia española / (Record no. 184560)

MARC details
000 -LEADER
campo de control de longitud fija 00753nam a2200181 i 4500
001 - NÚMERO DE CONTROL
campo de control 184560
003 - IDENTIFICADOR DE NÚMERO DE CONTROL
campo de control ES-MaACL
005 - FECHA Y HORA DE LA ÚLTIMA TRANSACCIÓN
campo de control 20251006202419.0
008 - DATOS DE LONGITUD FIJA--INFORMACIÓN GENERAL
campo de control de longitud fija 151022s1849 sp |||| | spa d
245 00 - MENCIÓN DEL TÍTULO
Título Colección de Cánones de la Iglesia española /
Mención de responsabilidad, etc. publicada en latín... por Don Francisco Antonio Gonzalez... ; traducida al castellano, con notas é ilustraciones por D. Juan Tejada y Ramiro.
260 ## - PUBLICACIÓN, DISTRIBUCIÓN, ETC.
Lugar de publicación, distribución, etc. Madrid :
Nombre del editor, distribuidor, etc. [s.n.],
Fecha de publicación, distribución, etc. 1849 (
Fabricante Imp. de D. José Mª Alonso)
300 ## - DESCRIPCIÓN FÍSICA
Extensión 5 v. ;
Dimensiones 31 cm.
650 #7 - PUNTO DE ACCESO ADICIONAL DE MATERIA--TÉRMINO DE MATERIA
Término de materia o nombre geográfico como elemento de entrada Derecho canónico-
Subdivisión geográfica España
Fuente del encabezamiento o término
9 (RLIN) 157976
700 1# - ENTRADA AGREGADA--NOMBRE PERSONAL
Nombre de persona Tejada y Ramiro, Juan,
Fechas asociadas al nombre 1811-ca. 1870
9 (RLIN) 109563
700 1# - ENTRADA AGREGADA--NOMBRE PERSONAL
Nombre de persona González, Francisco Antonio,
Fechas asociadas al nombre m. 1833
9 (RLIN) 157975
852 ## - LOCALIZACIÓN
Ubicación ES-MaACL
Número de control de estantería F-3370-74
Holdings
Estatus retirado Estado de pérdida Estado de daño No para préstamo Colección Biblioteca de origen Biblioteca actual Ubicación en estantería Fecha de adquisición Fuente de adquisición Total de préstamos Signatura topográfica completa Código de barras Visto por última vez Precio de reemplazo Tipo de ítem Koha
        Libros del s. XIX Biblioteca del Ateneo de Madrid Biblioteca del Ateneo de Madrid Depósito 2 22/10/2015     F-3370-74 1194308 23/02/2023 23/02/2023 Libro impreso antiguo